IAAF world records women outdoor - Statistics

General Stats
  • This quiz has been taken 19 times
  • The average score is 11 of 32
Answer Stats
Event Record Answer % Correct
100m 10.49s Florence Griffith-Joyner
94%
200m 21.34s Florence Griffith-Joyner
94%
Heptathlon 7291pts Jackie Joyner-Kersee
76%
4x100m relay (country) 40.82s USA
76%
4x200m relay (country) 1min 27.46s USA
76%
4x400m relay (country) 3min 15.17s USSR
71%
4x800m relay (country) 7min 50.17s USSR
71%
4x1 500m relay (country) 16min 33.58s Kenya
65%
Pole vault 5m06 Elena Isinbaeva
53%
400m 47.60 Marita Koch
53%
High jump 2m09 Stefka Kostadinova
53%
100m hurdles 12.21s Yurdanka Donkova
35%
1 500m 3min 50.46s Yunxia Qu
29%
Triple jump 15m50 Inessa Kravets
24%
3 000m 8min 06.11s Junxia Wang
24%
10 000m 29min 31.78s Junxia Wang
24%
5 000m 14min 11.15s Tirunesh Dibaba
24%
Hammer throw 79m58 Anita Wlodarczyk
18%
Javelin throw 72m28 Barbora Špotáková
18%
Discus throw 76m80 Gabriele Reinsch
12%
Shot put 22m63 Natalya Lisovskaya
12%
20 000m race walk 1h 26min 52.3s Olimpiada Ivanova
12%
1 000m 2min 28.98s Svetlana Masterkova
12%
Long jump 7m52 Galina Chistyakova
6%
3 000m steeplechase 8min 58.81s Gulnara Galkina
6%
800m 1min 53.28s Jarmila Kratochv
6%
10 000m race walk 41min 56.23s Nadezhda Ryashkina
6%
2 000m 5min 25.36s Sonia O'Sullivan
6%
20 000m 1h 05min 26.6s Tegla Loroupe
6%
25 000m 1h 27min 05.9s Tegla Loroupe
6%
30 000m 1h 45min 50.0s Tegla Loroupe
6%
400m hurdles 52.34s Yuliya Pechenkina
6%
No matching quizzes found
Score Distribution
Percent of People with Each Score
Percentile by Number Answered
Your Score History
You have not taken this quiz